Piedra angular o de tropiezo (II)
Gorde:
| Formatua: | Texto |
|---|---|
| Gaiak: | |
| Etiketak: |
Etiketa erantsi
Etiketarik gabe, Izan zaitez lehena erregistro honi etiketa jartzen!
|
MARC
| LEADER | 00000 a a2200000 04500 | ||
|---|---|---|---|
| 001 | 6887 | ||
| 003 | |||
| 040 | |||
| 245 | |a Piedra angular o de tropiezo (II) | ||
| 650 | |a DEMOCRACIA | ||
| 650 | |a DERECHOS HUMANOS | ||
| 650 | |a CRISIS POLITICA | ||
| 650 | |a VIOLENCIA | ||
| 650 | |a GUATEMALA | ||
| 773 | |g volumen 28, número 1263; páginas 13-14 | ||
| 999 | |c 22091 |d 22091 | ||
